Statistics for Historical Cultural Periods: I The Renaissance

Click here to take the quiz!

General Stats

  • This quiz has been taken 34 times
  • The average score is 6 of 15

Answer Stats

Answer% Correct
Raphael
70%
Galileo Galilei
63%
Hieronymus Bosch
59%
Florence
56%
Niccolò Machiavelli
56%
Rome
56%
Leonardo da Vinci
52%
Nicolaus Copernicus
52%
Michellangelo
44%
Thomas More
37%
Sandro Botticelli
30%
Chambord
22%
Titian
22%
Catherine of Aragon
15%
Donatello
15%

Score Distribution

Percentile by Number Answered

Percent of People with Each Score

Your Score History

You have not taken this quiz